| 000 | 00923nam a2200217 i 4500 | ||
|---|---|---|---|
| 001 | 25375 | ||
| 003 | ES-MaACL | ||
| 005 | 20231227155437.0 | ||
| 007 | t| | ||
| 008 | 021226s1953 sp |||| | spa d | ||
| 100 | 1 |
_aArgente, Baldomero, _d1877-1965 _922691 |
|
| 245 | 1 | 0 |
_aDiscursos leídos en la Junta Pública del martes 1 de diciembre de 1953 acerca de la integración económica de la Europa Occidental / _cBaldomero Argente del Castillo, Lorenzo Víctor Paret, Valentín Andrés Álvarez. |
| 260 |
_aMadrid : _bReal Academia de Ciencias Morales y Políticas, _c1953. |
||
| 300 |
_a65 p. ; _c24 cm. |
||
| 651 | 4 |
_aEuropa- _xIntegración económica. _98616 |
|
| 700 | 1 |
_aParet, Lorenzo Víctor. _989109 |
|
| 700 | 1 |
_aAndrés Álvarez, Valentín, _d1891-1982 _9174884 |
|
| 710 | 2 |
_aReal Academia de Ciencias Morales y Políticas (España) _9222050 |
|
| 852 | 4 |
_aES-MaACL _j1961-F-19 |
|
| 999 |
_c25375 _d25375 |
||